Elemente des Periodensystems - Statistiken

Allgemein
  • Dieses Quiz wurde 31.043 mal gespielt
  • Das Durchschnittsergebnis liegt bei 45 aus 118
Antwortstatistiken
# Symbol Element % Korrekt
1 H Wasserstoff
98%
2 He Helium
93%
8 O Sauerstoff
93%
79 Au Gold
92%
6 C Kohlenstoff
87%
26 Fe Eisen
86%
47 Ag Silber
86%
11 Na Natrium
80%
7 N Stickstoff
80%
3 Li Lithium
77%
10 Ne Neon
77%
29 Cu Kupfer
76%
12 Mg Magnesium
76%
17 Cl Chlor
75%
92 U Uran
74%
19 K Kalium
73%
13 Al Aluminium
70%
16 S Schwefel
70%
20 Ca Calcium
69%
18 Ar Argon
68%
5 B Bor
68%
30 Zn Zink
68%
9 F Fluor
67%
35 Br Brom
66%
54 Xe Xenon
63%
53 I Iod
62%
82 Pb Blei
60%
80 Hg Quecksilber
59%
50 Sn Zinn
59%
15 P Phosphor
58%
28 Ni Nickel
57%
99 Es Einsteinium
56%
4 Be Beryllium
55%
22 Ti Titan
55%
32 Ge Germanium
53%
86 Rn Radon
52%
14 Si Silicium
52%
78 Pt Platin
51%
88 Ra Radium
51%
25 Mn Mangan
49%
94 Pu Plutonium
48%
27 Co Cobalt
47%
31 Ga Gallium
45%
36 Kr Krypton
45%
24 Cr Chrom
44%
110 Ds Darmstadtium
44%
34 Se Selen
42%
74 W Wolfram
42%
33 As Arsen
41%
55 Cs Caesium
40%
56 Ba Barium
39%
87 Fr Francium
36%
23 V Vanadium
32%
46 Pd Palladium
30%
84 Po Polonium
30%
38 Sr Strontium
30%
49 In Indium
29%
37 Rb Rubidium
29%
39 Y Yttrium
29%
98 Cf Californium
28%
77 Ir Iridium
27%
104 Rf Rutherfordium
27%
21 Sc Scandium
26%
52 Te Tellur
26%
83 Bi Bismut
25%
48 Cd Cadmium
24%
42 Mo Molybdän
24%
76 Os Osmium
24%
95 Am Americium
23%
85 At Astat
23%
58 Ce Cer
23%
93 Np Neptunium
23%
45 Rh Rhodium
23%
63 Eu Europium
22%
57 La Lanthan
21%
41 Nb Niob
21%
51 Sb Antimon
20%
73 Ta Tantal
20%
81 Tl Thallium
20%
40 Zr Zirconium
20%
96 Cm Curium
19%
72 Hf Hafnium
19%
118 Og Oganesson
19%
108 Hs Hassium
18%
43 Tc Technetium
18%
90 Th Thorium
18%
70 Yb Ytterbium
18%
107 Bh Bohrium
17%
44 Ru Ruthenium
17%
117 Ts Tenness
17%
115 Mc Moscovium
16%
111 Rg Roentgenium
16%
89 Ac Actinium
15%
60 Nd Neodym
15%
102 No Nobelium
15%
68 Er Erbium
14%
103 Lr Lawrencium
14%
101 Md Mendelevium
14%
75 Re Rhenium
14%
100 Fm Fermium
13%
109 Mt Meitnerium
12%
97 Bk Berkelium
11%
112 Cn Copernicium
11%
105 Db Dubnium
11%
67 Ho Holmium
11%
106 Sg Seaborgium
11%
116 Lv Livermorium
10%
71 Lu Lutetium
10%
59 Pr Praseodym
10%
61 Pm Promethium
10%
62 Sm Samarium
10%
65 Tb Terbium
10%
69 Tm Thulium
10%
64 Gd Gadolinium
9%
113 Nh Nihonium
9%
91 Pa Protactinium
9%
66 Dy Dysprosium
8%
114 Fl Flerovium
8%
Keine übereinstimmenden Quizze gefunden
Verteilung der Resultate
Anzahl Personen mit jedem Resultat
Perzentil nach korrekt beantworteten Fragen
Ihre Resultats-Entwicklung
Sie haben dieses Quiz noch nicht gespielt